000 00983nam a22002897a 4500
001 BR7100876
003 BR-BrBNA
005 20230928083718.0
007 ta
008 230509b bl.||||| |||| 00| 0 por d
040 _aBR-BrBNA
_bpor
_cBiblioteca Nacional de Agricultura
041 _a(Por)
072 _aH20; L73
_b1000
_b5212
_b4110
_b4150
_b/G514
090 _ 1000 BR7100876
110 1 _aSecretaria de Estado da Agricultura, Curitiba, PR (Brasil). Depto. de Fiscalizacao
_98818
245 1 _aFiscalizacao integrada. Defesa Sanitaria Vegetal; Defesa Sanitaria Animal; Recursos Naturais Renovaveis [cancro citrico, muda, fruta citrica, bovino, aftosa, Parana, Brasil]
260 3 _aCuritiba, PR (Brasil):
_c[nd].
300 _a43 p.
500 _aPublished after 1970
650 _aPRODUCAO VEGETAL
650 _aPRODUCAO ANIMAL
650 _aRECURSO NATURAL
650 _aCANCRO CITRICO
650 _aPARANA
909 _a202309
_bLucia
_c55
_dLucia Elande
942 _cBK
999 _c14896
_d14896